Miasta w Austrii - nagła śmierć - Statystyki

Ogólne statystyki
  • Ten quiz został rozwiązany 185 razy
  • Średni wynik to 9 z 13
Answers on the Grid
Answers color-coded by a green-red scale on the quiz's grid according to % correct below.
Wiedeń
Graz
Linz
Salzburg
Innsbruck
Klagenfurt am Wörthersee
Villach
Wels
Sankt Pölten
Dornbirn
Wiener Neustadt
Eisenstadt
Bregencja
Brno
Rosenheim
Ulm
Ratyzbona
Lozanna
Grenoble
Ferrara
 
Statystyki odpowiedzi
Odpowiedź % Poprawnych
Wiedeń
97%
Graz
95%
Salzburg
93%
Innsbruck
92%
Linz
92%
Klagenfurt am Wörthersee
79%
Villach
75%
Wiener Neustadt
72%
Sankt Pölten
64%
Eisenstadt
53%
Wels
44%
Dornbirn
31%
Bregencja
27%
Nie znaleziono quizów pasujących do podanych kryteriów
Rozkład punktacji
Procent ludzi z każdym wynikiem
Percentyl według liczby udzielonych odpowiedzi
Twoja historia wyników
Nie rozwiązałeś tego quizu